| 000 | 00985nam a22002777a 4500 | ||
|---|---|---|---|
| 003 | DO-SdBNP | ||
| 005 | 20240412074309.0 | ||
| 007 | ta | ||
| 008 | 100118s20062016dr 000 p spa d | ||
| 020 | _a9789945466300 | ||
| 040 |
_aDO-SdBNP _bspa _cBNPHU |
||
| 082 | 4 |
_aRD861.2 _bU75p 2016 _222 |
|
| 245 | 0 | 0 |
_aPoemas y biografía de Salomé Ureña : _bantología minima / _cCompilación Tomás Castro Burdiez. |
| 250 | _a3a. ed. | ||
| 260 |
_aSanto Domingo : _bFundación para la Educación y el Arte, _c2016. |
||
| 300 |
_a79 p. ; _c21 cm. |
||
| 500 | _aIncluye referencias bibliográficas a pie de las páginas | ||
| 590 | _aInventariado, 2022/ YL | ||
| 600 | 1 | 0 |
_aUreña de Henríquez, Salomé , _d1850-1897 _9920 |
| 650 | 4 |
_aPoesía dominicana _966 |
|
| 650 | 0 |
_aLiteratura dominicana. _967 |
|
| 651 | 4 |
_aRepública Dominicana _zBiografías _981649 |
|
| 700 |
_aCastro, Tomás, _d1959- _ecomp. _924641 |
||
| 910 | _aYLockward/Validado. Control de calidad MFF | ||
| 942 |
_2ddc _cLBS1 |
||
| 999 |
_c51677 _d51677 |
||